000 00720nam a2200253Ia 4500
003 OSt
005 20221005024945.0
006 a|||||r|||| 00| 0
007 ta
008 221004b |||||||| |||| 00| 0 ara d
020 _c75
024 _a39561
037 _b04, 26/03/2007, Nadwi Publications
_cTextual
040 _aCRL
_cCRL
_bara
041 _2ara
_aara
082 _aO28,3NUS1,28, P6
100 _aIdrees Yusuf Au.
245 0 _aAlais kazlik
260 _aCairo
_bMaktaba-e-Misr
_c2006
300 _a147p.
_ccm.
650 _aARABIC FICTION
_964594
942 _hO28,3NUS1,28, P6
_cTEXL
_2cc
999 _c933788
_d933788